000 00642nam a2200265Ia 4500
005 20260324153026.0
008 008 260324s9999 xx 000 0 eng d
020 _a9780323445016
037 _aEBOOK
040 _aCRL
040 _beng
040 _cCRL
041 _2eng
041 _aeng
084 _qCRL
100 _aMaclean-Blevins, Mark
_91230384
245 0 _aDesigning Successful Products with Plastics
260 _bElsevier
260 _c2017
650 _aEngineering
856 _uhttps://www.sciencedirect.com/science/book/9780323445016
942 _cEBOOK
999 _c1841510
_d1841510